BEHAVIORAL PATTERNSIN COMMODITY DERIVATIVES: A FOCUS ON INDIA/ (Record no. 212857)
[ view plain ]
| 000 -LEADER | |
|---|---|
| fixed length control field | 00642nam a22002057a 4500 |
| 005 - DATE AND TIME OF LATEST TRANSACTION | |
| control field | 20250804143852.0 |
| 010 ## - LCCN (DPL NO) | |
| LC control number | ENG-1146287 |
| 020 ## - INTERNATIONAL STANDARD BOOK NUMBER | |
| Terms of availability | 240.00 |
| International Standard Book Number | 9789361638251 |
| 035 ## - SYSTEM CONTROL NUMBER | |
| System control number | EN-129819 |
| 037 ## - SOURCE OF ACQUISITION | |
| Source of stock number/acquisition | DBAD |
| 082 ## - DEWEY DECIMAL CLASSIFICATION NUMBER | |
| Classification number | 332.6328 |
| 100 ## - MAIN ENTRY--PERSONAL NAME | |
| Personal name | M.DEVAKI |
| 245 ## - TITLE STATEMENT | |
| Title | BEHAVIORAL PATTERNSIN COMMODITY DERIVATIVES: A FOCUS ON INDIA/ |
| Statement of responsibility, etc | M.DEVAKI |
| 250 ## - EDITION STATEMENT | |
| Edition statement | First |
| 260 ## - PUBLICATION, DISTRIBUTION, ETC. (IMPRINT) | |
| Place of publication, distribution, etc | TAMIL NADU |
| Name of publisher, distributor, etc | SHANLAX PUBLICATIONS |
| Date of publication, distribution, etc | 2024 |
| 270 ## - ADDRESS | |
| City | MADURAI |
| Address | 61,66 T.P.K. MAIN ROAD VASANTHA NAGAR, MADURAI, TAMIL NADU |
| Postal code | 625003 |
| 300 ## - PHYSICAL DESCRIPTION | |
| Extent | 178p. |
| Dimensions | 25cm(Pb) |
| 700 ## - ADDED ENTRY--PERSONAL NAME | |
| Personal name | M.ANBUKARSI |
| 9 (RLIN) | 83697 |
| 942 ## - ADDED ENTRY ELEMENTS (KOHA) | |
| Source of classification or shelving scheme | Dewey Decimal Classification |
| Item type | English Books |
| Classification part | 332.6328 |
| Call number suffix | MDE |
| Withdrawn status | Lost status | Not for loan | Collection code | Home library | Current library | Date acquired | Source of acquisition | Cost, normal purchase price | Full call number | Barcode | Copy number | Cost, replacement price | Koha item type |
|---|---|---|---|---|---|---|---|---|---|---|---|---|---|
| Non-fiction | Janak Puri | Janak Puri | 04/08/2025 | DBAD | 240.00 | 332.6328 MDE | EN-129819 | 1 | 240.00 | English Books |
